00575nam a22001937a 4500003001100000005001700011008004100028020001800069040003900087041000800126082001700134100002000151245005900171260004900230300002000279650002700299700002400326700003100350LK-CoMWRAF20240203124057.0240203b1994 |||||||| |||| 00| 0 eng d a9789555994927 aLK-CoMWRAFdLK-CoMWRAFeLK-CoMWRAF aeng a320.954bASH aAshraff, M.H.M. aAshraff in parliament: bVolume V-1993, Volume VI-1994 aColombo: bSri Lanka Muslim congress, c1994 axxxvii., 377 p. a POLITICIANS-Sri Lanka aHakeem, Rauff eed. aAhemed, Siyath S.L.ecomp.